Nutation damping of dynamically tuned gyroscopes; MATEC Web of Conferences; Vol. 102 : Space Engineering

Dades bibliogràfiques
Parent link:MATEC Web of Conferences
Vol. 102 : Space Engineering.— 2017.— [01008, 4 p.]
Autor principal: Belyanin L. N. Lev Nikolaevich
Autor corporatiu: Национальный исследовательский Томский политехнический университет
Altres autors: Doan Ket Vu
Sumari:Title screen
The paper deals with the problem of nutation damping of dynamically tuned gyroscopes (DTG). Unlike the common two-axis gyroscopes, the DTG damping torques caused by dry and viscous frictions are absent in gimbal bearings, while those due to the rotor/gaseous medium interaction are insufficient to provide the required nutation damping. A physical explanation is given to the damping torques induced in the gyroscope by the magnetoelectric torque detectors. Control coils of the latter are included in the output circuits of the electronic amplifiers. The equation is proposed for the calculation of the damping torque. The numerical estimate of the damping coefficient is given in this paper.
Idioma:anglès
Publicat: 2017
Matèries:
Accés en línia:http://dx.doi.org/10.1051/matecconf/201710201008
http://earchive.tpu.ru/handle/11683/37983
Format: Electrònic Capítol de llibre
KOHA link:https://koha.lib.tpu.ru/cgi-bin/koha/opac-detail.pl?biblionumber=654172

MARC

LEADER 00000nla2a2200000 4500
001 654172
005 20260213150821.0
035 |a (RuTPU)RU\TPU\network\19699 
035 |a RU\TPU\network\19693 
090 |a 654172 
100 |a 20170413a2017 k y0engy50 ba 
101 0 |a eng 
105 |a y z 100zy 
135 |a drgn ---uucaa 
181 0 |a i  
182 0 |a b 
200 1 |a Nutation damping of dynamically tuned gyroscopes  |f L. N. Belyanin, Doan Ket Vu 
203 |a Text  |c electronic 
300 |a Title screen 
320 |a [References: 4 tit.] 
330 |a The paper deals with the problem of nutation damping of dynamically tuned gyroscopes (DTG). Unlike the common two-axis gyroscopes, the DTG damping torques caused by dry and viscous frictions are absent in gimbal bearings, while those due to the rotor/gaseous medium interaction are insufficient to provide the required nutation damping. A physical explanation is given to the damping torques induced in the gyroscope by the magnetoelectric torque detectors. Control coils of the latter are included in the output circuits of the electronic amplifiers. The equation is proposed for the calculation of the damping torque. The numerical estimate of the damping coefficient is given in this paper. 
461 0 |0 (RuTPU)RU\TPU\network\4526  |t MATEC Web of Conferences 
463 0 |0 (RuTPU)RU\TPU\network\19686  |t Vol. 102 : Space Engineering  |o V International Forum for Young Scientists, April 18-20, 2017, Tomsk, Russia  |o [proceedings]  |f National Research Tomsk Polytechnic University (TPU) ; eds. V. N. Borikov [et al.]  |v [01008, 4 p.]  |d 2017 
610 1 |a электронный ресурс 
610 1 |a труды учёных ТПУ 
610 1 |a затухания 
610 1 |a нутация 
610 1 |a гироскопы 
610 1 |a трение 
610 1 |a роторы 
610 1 |a газовые среды 
610 1 |a крутящие моменты 
610 1 |a электронные усилители 
610 1 |a датчики 
700 1 |a Belyanin  |b L. N.  |c specialist in the field of instrument making  |c Associate Professor of Tomsk Polytechnic University, Candidate of technical sciences  |f 1944-  |g Lev Nikolaevich  |3 (RuTPU)RU\TPU\pers\35231 
701 0 |a Doan Ket Vu 
712 0 2 |a Национальный исследовательский Томский политехнический университет  |c (2009- )  |9 26305 
801 2 |a RU  |b 63413507  |c 20180426  |g RCR 
856 4 |u http://dx.doi.org/10.1051/matecconf/201710201008 
856 4 |u http://earchive.tpu.ru/handle/11683/37983 
942 |c CF